[Event "Lonigo CIS 54th Serie A1 Girone 2"]
[Site "Lonigo"]
[Date "2023.05.20"]
[Round "3.2"]
[White "Forato, Enrico"]
[Black "Bordignon, Angelo"]
[Result "1/2-1/2"]
[WhiteElo "2170"]
[BlackElo "2044"]
[PlyCount "37"]
[EventDate "2023.05.19"]
[EventType "team-tourn"]
[EventRounds "5"]
[EventCountry "ITA"]
[SourceTitle "EXT 2024"]
[Source "ChessBase"]
[SourceDate "2023.10.10"]
[SourceVersion "1"]
[SourceVersionDate "2023.10.10"]
[SourceQuality "1"]
[WhiteTeam "Asolo"]
[BlackTeam "Padova Patavius Kings"]
[WhiteTeamCountry "ITA"]
[BlackTeamCountry "ITA"]

1. e4 e6 2. d4 d5 3. Nd2 Be7 4. Ngf3 c5 5. c3 Nf6 6. Bd3 Nc6 7. 0-0 dxe4 8. Nxe4 cxd4 9. cxd4 0-0 10. Nc3 Nb4 11. Bb1 b6 12. Re1 Bb7 13. a3 Nbd5 14. Bg5 g6 15. Bd3 Rc8 16. Nxd5 Nxd5 17. Bxe7 Nxe7 18. Be4 Bxe4 19. Rxe4 1/2-1/2

[Event "Lonigo CIS 54th Serie A1 Girone 2"]
[Site "Lonigo"]
[Date "2023.05.19"]
[Round "1.3"]
[White "Forato, Enrico"]
[Black "Gagliardi, Christian"]
[Result "1-0"]
[WhiteElo "2170"]
[BlackElo "2183"]
[PlyCount "95"]
[EventDate "2023.05.19"]
[EventType "team-tourn"]
[EventRounds "5"]
[EventCountry "ITA"]
[SourceTitle "EXT 2024"]
[Source "ChessBase"]
[SourceDate "2023.10.10"]
[SourceVersion "1"]
[SourceVersionDate "2023.10.10"]
[SourceQuality "1"]
[WhiteTeam "Asolo"]
[BlackTeam "Mariano Comense"]
[WhiteTeamCountry "ITA"]
[BlackTeamCountry "ITA"]

1. Nf3 g6 2. g3 Bg7 3. Bg2 d6 4. 0-0 c6 5. c4 Nd7 6. Nc3 Qc7 7. b4 Ngf6 8. Bb2 0-0 9. Rc1 a5 10. b5 e5 11. d4 Re8 12. e3 h6 13. Re1 Bf8 14. c5 d5 15. Nxe5 Nxe5 16. dxe5 Qxe5 17. e4 Bg4 18. f3 Bd7 19. Na4 Qe7 20. Qd2 Be6 21. exd5 Nxd5 22. Qd4 f6 23. Bh3 Qf7 24. Bxe6 Rxe6 25. bxc6 bxc6 26. Rxe6 Qxe6 27. Nb6 Rd8 28. Qe4 Kf7 29. Na4 Qxe4 30. fxe4 Nb4 31. Rf1 f5 32. exf5 g5 33. Re1 Nd3 34. Re6 Nxb2 35. Nxb2 Bxc5+ 36. Kf1 Rd2 37. Re2 Rd5 38. g4 h5 39. h3 Bd4 40. Nc4 a4 41. Re6 Rc5 42. Nd6+ Kf8 43. f6 Re5 44. Re7 hxg4 45. hxg4 c5 46. Rf7+ Kg8 47. Rg7+ Kf8 48. Rh7 1-0

[Event "Wch U16"]
[Site "Vung Tau"]
[Date "2008.10.28"]
[Round "9"]
[White "Forato, Enrico"]
[Black "Raznikov, Danny"]
[Result "0-1"]
[WhiteElo "2109"]
[BlackElo "2251"]
[PlyCount "92"]
[EventDate "2008.10.20"]
[EventType "swiss"]
[EventRounds "11"]
[EventCountry "VIE"]
[SourceTitle "EXT 2009"]
[Source "ChessBase"]
[SourceDate "2008.11.26"]
[SourceVersion "1"]
[SourceVersionDate "2008.11.26"]
[SourceQuality "1"]

1. g3 Nf6 2. Bg2 c5 3. d4 cxd4 4. Qxd4 Nc6 5. Qa4 g6 6. Nf3 Bg7 7. 0-0 0-0 8. Nbd2 d6 9. c3 Bg4 10. h3 Bd7 11. Qh4 Qa5 12. Nb3 Qh5 13. Qxh5 Nxh5 14. Nfd4 Rfc8 15. Be3 a6 16. a4 Rab8 17. Rfc1 Ne5 18. Nd2 Nc6 19. N2b3 e5 20. Nxc6 bxc6 21. Nd2 d5 22. g4 Nf6 23. b4 Be6 24. Rab1 h5 25. g5 Nd7 26. Nb3 Bf5 27. Rb2 Bf8 28. Na5 Be7 29. c4 Rxb4 30. Ra2 d4 31. Bd2 Rb6 32. e4 Be6 33. c5 Nxc5 34. Rac2 Nd3 35. Nxc6 Rbxc6 36. Rxc6 Nxc1 37. Rxc8+ Bxc8 38. Bxc1 Bb4 39. Bf1 Kf8 40. Bc4 a5 41. h4 Bg4 42. f4 Bd1 43. fxe5 Bxa4 44. Kf2 Bc2 45. Bd5 a4 46. Bb2 d3 0-1

[Event "Wch U16"]
[Site "Vung Tau"]
[Date "2008.10.27"]
[Round "8"]
[White "Dubessay, Bastien"]
[Black "Forato, Enrico"]
[Result "0-1"]
[WhiteElo "2147"]
[BlackElo "2109"]
[PlyCount "72"]
[EventDate "2008.10.20"]
[EventType "swiss"]
[EventRounds "11"]
[EventCountry "VIE"]
[SourceTitle "EXT 2009"]
[Source "ChessBase"]
[SourceDate "2008.11.26"]
[SourceVersion "1"]
[SourceVersionDate "2008.11.26"]
[SourceQuality "1"]

1. d4 Nf6 2. c4 c5 3. d5 e6 4. Nc3 exd5 5. cxd5 d6 6. Nf3 g6 7. Bf4 a6 8. a4 Bg7 9. e4 0-0 10. Be2 Re8 11. Nd2 Qc7 12. 0-0 Nbd7 13. a5 Ne5 14. Qc2 Nfd7 15. Be3 Nf6 16. h3 b5 17. axb6 Qxb6 18. f4 Ned7 19. Nc4 Qc7 20. e5 dxe5 21. d6 Qd8 22. Bf3 Rb8 23. Ra2 exf4 24. Bxf4 Rb4 25. Na4 Bb7 26. Bd2 Bxf3 27. Rxf3 Rxc4 28. Qxc4 Ne5 29. Qxa6 Ne4 30. Rd3 Nxd2 31. Rxd2 Nf3+ 32. gxf3 Qg5+ 33. Rg2 Re1+ 34. Kf2 Qe3+ 35. Kg3 Be5+ 36. Kh4 Qh6+ 0-1

[Event "Wch U16"]
[Site "Vung Tau"]
[Date "2008.10.23"]
[Round "5"]
[White "Hansen, Eric"]
[Black "Forato, Enrico"]
[Result "1/2-1/2"]
[WhiteElo "2362"]
[BlackElo "2109"]
[PlyCount "49"]
[EventDate "2008.10.20"]
[EventType "swiss"]
[EventRounds "11"]
[EventCountry "VIE"]
[SourceTitle "EXT 2009"]
[Source "ChessBase"]
[SourceDate "2008.11.26"]
[SourceVersion "1"]
[SourceVersionDate "2008.11.26"]
[SourceQuality "1"]

1. e4 c5 2. Nf3 d6 3. d4 cxd4 4. Nxd4 Nf6 5. Nc3 a6 6. Be2 e6 7. 0-0 Be7 8. f4 0-0 9. Bf3 Qc7 10. Kh1 Nc6 11. Nb3 Rd8 12. Be3 b5 13. Qe1 Bb7 14. Qf2 Nd7 15. f5 Bf6 16. fxe6 fxe6 17. Bg4 Re8 18. Qg3 Nce5 19. Nd4 Nxg4 20. Qxg4 Ne5 21. Qg3 Qe7 22. b3 Rac8 23. Nce2 Nc6 24. Qg4 Ne5 25. Qg3 1/2-1/2

[Event "Latschach op 24th"]
[Site "Latschach"]
[Date "2008.08.13"]
[Round "6"]
[White "Hartl, Daniel"]
[Black "Forato, Enrico"]
[Result "1/2-1/2"]
[WhiteElo "2138"]
[BlackElo "2059"]
[PlyCount "57"]
[EventDate "2008.08.09"]
[EventType "swiss"]
[EventRounds "9"]
[EventCountry "AUT"]
[SourceTitle "CBM 125 Extra"]
[Source "ChessBase"]
[SourceDate "2008.09.01"]
[SourceVersion "1"]
[SourceVersionDate "2008.09.01"]
[SourceQuality "1"]

1. e4 c5 2. Nf3 g6 3. d4 Bg7 4. Nc3 cxd4 5. Nxd4 Nc6 6. Be3 d6 7. f3 Nf6 8. Qd2 0-0 9. 0-0-0 Nxd4 10. Bxd4 Be6 11. Kb1 Qc7 12. g4 Rfc8 13. h4 Qa5 14. a3 Rab8 15. h5 b5 16. hxg6 hxg6 17. Nd5 Qxd2 18. Rxd2 Nxd5 19. Bxg7 Kxg7 20. exd5 Bd7 21. Bd3 Rh8 22. Re1 Rhe8 23. Rde2 e5 24. dxe6 fxe6 25. f4 Rf8 26. f5 gxf5 27. gxf5 exf5 28. Rf1 Rbe8 29. Rxe8 1/2-1/2

[Event "ITA-ch U16"]
[Site "Merano"]
[Date "2008.07.11"]
[Round "8"]
[White "Forato, Enrico"]
[Black "Dappiano, Andrea"]
[Result "1/2-1/2"]
[WhiteElo "2059"]
[BlackElo "1889"]
[PlyCount "112"]
[EventDate "2008.07.06"]
[EventType "swiss"]
[EventRounds "9"]
[EventCountry "ITA"]
[SourceTitle "EXT 2011"]
[Source "ChessBase"]
[SourceDate "2010.11.26"]
[SourceVersion "1"]
[SourceVersionDate "2010.11.26"]
[SourceQuality "1"]

1. g3 d6 2. Bg2 e5 3. c4 Nc6 4. Nc3 f5 5. e3 Nf6 6. Nge2 g6 7. 0-0 Bg7 8. d3 0-0 9. Rb1 a5 10. a3 Be6 11. b4 axb4 12. axb4 Qd7 13. f4 Rae8 14. b5 Nd8 15. Qa4 h6 16. Bd2 g5 17. Nd5 Bxd5 18. Bxd5+ Nxd5 19. cxd5 e4 20. d4 Qf7 21. b6 cxb6 22. Nc3 gxf4 23. Rxf4 Qg6 24. Rxb6 h5 25. Qd1 Nf7 26. Nb5 Rd8 27. Nc7 Ng5 28. Ne6 Nxe6 29. dxe6 Qxe6 30. Rxb7 Qg6 31. Rh4 Rf7 32. Rxf7 Kxf7 33. Qxh5 Qxh5 34. Rxh5 Kg6 35. Rh4 Bh6 36. g4 Bg5 37. gxf5+ Kxf5 38. Rh7 Rc8 39. Rf7+ Kg4 40. Kg2 Rc2 41. Rf2 Bh4 42. h3+ Kg5 43. Re2 d5 44. Kf1 Bg3 45. Bb4 Rxe2 46. Be7+ Kh5 47. Kxe2 Bh4 48. Bd6 Bg5 49. Bg3 Bh6 50. Kd2 Bg5 51. Bf2 Bh4 52. Bg1 Bg3 53. Kc3 Kh4 54. Kb4 Kxh3 55. Kc5 Kg2 56. Kxd5 Kxg1 1/2-1/2

[Event "Conegliano op"]
[Site "Conegliano"]
[Date "2008.06.02"]
[Round "5"]
[White "Corvi, Marco"]
[Black "Forato, Enrico"]
[Result "1-0"]
[WhiteElo "2347"]
[BlackElo "2037"]
[PlyCount "85"]
[EventDate "2008.05.31"]
[EventType "swiss"]
[EventRounds "6"]
[EventCountry "ITA"]
[SourceTitle "CBM 124 Extra"]
[Source "ChessBase"]
[SourceDate "2008.07.03"]
[SourceVersion "1"]
[SourceVersionDate "2008.07.03"]
[SourceQuality "1"]

1. c4 g6 2. Nc3 Bg7 3. g3 d6 4. Bg2 e5 5. Nf3 f5 6. d4 e4 7. Ng5 c6 8. h4 Nf6 9. Nh3 Be6 10. d5 Bf7 11. Ng5 Bg8 12. Bf4 h6 13. Nh3 cxd5 14. Qa4+ Nc6 15. Rd1 Qa5 16. Qxa5 Nxa5 17. Nb5 Kd7 18. Nxd6 Nh5 19. c5 Bxb2 20. 0-0 b6 21. Bd2 Nc6 22. Nc4 Bd4 23. cxb6 axb6 24. Bc3 dxc4 25. Bxd4 Nxd4 26. Rxd4+ Kc6 27. Rfd1 Rxa2 28. g4 Ng7 29. Nf4 Bf7 30. Rd7 c3 31. Rxf7 c2 32. Rc1 Rd8 33. Rxc2+ Rxc2 34. Rxg7 Rc1+ 35. Kh2 Rd6 36. Nxg6 fxg4 37. Bxe4+ Kb5 38. Bd3+ Kc5 39. Ne5 Kb4 40. Rxg4+ Kc3 41. Rc4+ Kd2 42. Rb4 Rc5 43. Nc4+ 1-0

[Event "Conegliano op"]
[Site "Conegliano"]
[Date "2008.06.02"]
[Round "6"]
[White "Forato, Enrico"]
[Black "Bozzali, Ermanno"]
[Result "1/2-1/2"]
[WhiteElo "2037"]
[BlackElo "2202"]
[PlyCount "159"]
[EventDate "2008.05.31"]
[EventType "swiss"]
[EventRounds "6"]
[EventCountry "ITA"]
[SourceTitle "CBM 124 Extra"]
[Source "ChessBase"]
[SourceDate "2008.07.03"]
[SourceVersion "1"]
[SourceVersionDate "2008.07.03"]
[SourceQuality "1"]

1. e4 c5 2. Nf3 d6 3. d4 cxd4 4. Nxd4 Nf6 5. Nc3 a6 6. Be2 e5 7. Nb3 Be7 8. 0-0 0-0 9. Kh1 b5 10. f4 Bb7 11. Bf3 Nbd7 12. Qe1 Rc8 13. f5 b4 14. Nd5 Nxd5 15. exd5 a5 16. Rf2 Nf6 17. Bg5 h6 18. Bxf6 Bxf6 19. Be4 Qb6 20. a3 Ra8 21. Nd2 Rfc8 22. b3 Ba6 23. Rf3 Ra7 24. axb4 axb4 25. Qf2 Qxf2 26. Rxf2 Rca8 27. Ra5 Bd8 28. Ra4 Bb5 29. Rxa7 Rxa7 30. g3 Bb6 31. Rf3 Ra1+ 32. Kg2 Rg1+ 33. Kh3 Be2 34. Rd3 h5 35. Nf3 Bxd3 36. Bxd3 Rh1 37. Kh4 Bg1 38. Kh3 Be3 39. Kh4 Kf8 40. Kxh5 Ke7 41. g4 Bf4 42. h4 Rh3 43. Be4 Rg3 44. g5 Be3 45. Nh2 Rg1 46. Nf3 Rg3 47. Nh2 Bf4 48. Nf3 Kf8 49. f6 gxf6 50. gxf6 Be3 51. Nh2 Bb6 52. Ng4 Be3 53. Nh2 Rg1 54. Nf3 Rf1 55. Kg4 Bc1 56. Kg3 Bh6 57. Kg2 Ra1 58. Kg3 Ke8 59. Kg4 Rf1 60. Kg3 Bf4+ 61. Kg2 Rd1 62. Kh3 Kf8 63. Bd3 Kg8 64. Be4 Be3 65. Kg2 Bb6 66. Nh2 Rd2+ 67. Kg3 Bf2+ 68. Kg4 Rd4 69. Kf5 Bxh4 70. Nf3 Rxe4 71. Kxe4 Bxf6 72. Kf5 Kg7 73. Nd2 Be7 74. Ne4 Kh6 75. Nf2 Kh5 76. Nd3 e4 77. Kxe4 Kg4 78. Nf2+ Kg3 79. Nd3 Kg4 80. Nf2+ 1/2-1/2

[Event "Conegliano op"]
[Site "Conegliano"]
[Date "2008.06.01"]
[Round "4"]
[White "Forato, Enrico"]
[Black "Dvirnyy, Danyyil"]
[Result "1/2-1/2"]
[WhiteElo "2037"]
[BlackElo "2321"]
[PlyCount "63"]
[EventDate "2008.05.31"]
[EventType "swiss"]
[EventRounds "6"]
[EventCountry "ITA"]
[SourceTitle "CBM 124 Extra"]
[Source "ChessBase"]
[SourceDate "2008.07.03"]
[SourceVersion "1"]
[SourceVersionDate "2008.07.03"]
[SourceQuality "1"]

1. g3 g6 2. Bg2 Bg7 3. Nf3 d6 4. 0-0 e5 5. d4 Nd7 6. e4 Ne7 7. dxe5 dxe5 8. Bg5 h6 9. Be3 Nb6 10. Qxd8+ Kxd8 11. Rd1+ Ke8 12. Nfd2 Be6 13. b3 c6 14. a4 f5 15. f3 f4 16. Bf2 Nec8 17. Na3 a5 18. Ndc4 Nxc4 19. Nxc4 Bf6 20. Bf1 Rh7 21. Nd6+ Nxd6 22. Rxd6 Re7 23. Bc4 Bxc4 24. bxc4 Kf7 25. Rad1 Rc8 26. Bb6 Re6 27. Rd7+ Re7 28. R7d3 Re6 29. Kf2 c5 30. Rd7+ Re7 31. R7d5 Re6 32. Rd7+ 1/2-1/2

[Event "Magistrale 6th"]
[Site "Bassano del Grappa"]
[Date "2006.12.30"]
[Round "7.3"]
[White "Genocchio, Daniele"]
[Black "Forato, Enrico"]
[Result "1-0"]
[WhiteElo "2338"]
[BlackElo "1978"]
[PlyCount "61"]
[EventDate "2006.12.26"]
[EventType "swiss"]
[EventRounds "7"]
[EventCountry "ITA"]
[SourceTitle "EXT 2023"]
[Source "ChessBase"]
[SourceDate "2022.10.05"]
[SourceVersion "1"]
[SourceVersionDate "2022.10.05"]
[SourceQuality "1"]

1. g3 g6 2. Bg2 Bg7 3. e4 c5 4. Nf3 Nc6 5. 0-0 e6 6. Re1 d6 7. c3 Qb6 8. Na3 Nge7 9. d4 cxd4 10. cxd4 Nxd4 11. Nxd4 Qxd4 12. Qxd4 Bxd4 13. Nb5 Bb6 14. Nxd6+ Kf8 15. Bh6+ Kg8 16. Ne8 Bd4 17. e5 f6 18. exf6 Kf7 19. Nc7 Nf5 20. Bg7 Bd7 21. Rad1 h5 22. Be4 Rhc8 23. Nxa8 e5 24. Bxb7 Rc2 25. Be4 Rxb2 26. Nc7 g5 27. Ne8 Bxf2+ 28. Kh1 Nd4 29. Nd6+ Kg8 30. Bh6 Be6 31. Rb1 1-0

[Event "Magistrale 6th"]
[Site "Bassano del Grappa"]
[Date "2006.12.28"]
[Round "4.7"]
[White "Goi, Veronika"]
[Black "Forato, Enrico"]
[Result "0-1"]
[WhiteElo "1953"]
[BlackElo "1978"]
[PlyCount "68"]
[EventDate "2006.12.26"]
[EventType "swiss"]
[EventRounds "7"]
[EventCountry "ITA"]
[SourceTitle "EXT 2023"]
[Source "ChessBase"]
[SourceDate "2022.10.05"]
[SourceVersion "1"]
[SourceVersionDate "2022.10.05"]
[SourceQuality "1"]

1. d4 Nf6 2. c4 g6 3. Nc3 Bg7 4. Nf3 0-0 5. Qc2 d6 6. h3 Nbd7 7. e4 e5 8. d5 Ne8 9. Be2 f5 10. g4 fxg4 11. hxg4 Ndf6 12. Ng5 Qe7 13. Be3 h6 14. Ne6 Bxe6 15. g5 Ng4 16. dxe6 Nxe3 17. fxe3 Qxg5 18. Kd2 Rf2 19. Rag1 Rg2 20. Rf1 h5 21. Rf7 Bh6 22. Nd5 c6 23. Ne7+ Kh8 24. Qb3 Nf6 25. Qd3 Rf8 26. Rxf8+ Bxf8 27. Nc8 Qg4 28. e7 Bxe7 29. Nxe7 Nxe4+ 30. Kc1 Rxe2 31. Nxg6+ Kg7 32. Ne7 Nf2 33. Nf5+ Kh8 34. Qxd6 Qxc4+ 0-1

[Event "Bratto op 26th"]
[Site "Bratto"]
[Date "2006.08.24"]
[Round "6"]
[White "Radice, Luca"]
[Black "Forato, Enrico"]
[Result "0-1"]
[WhiteElo "2081"]
[BlackElo "1949"]
[PlyCount "96"]
[EventDate "2006.08.19"]
[EventType "swiss"]
[EventRounds "9"]
[EventCountry "ITA"]
[SourceTitle "CBM 113 Extra"]
[Source "ChessBase"]
[SourceDate "2006.09.14"]
[SourceVersion "1"]
[SourceVersionDate "2006.09.14"]
[SourceQuality "1"]

1. d4 Nf6 2. c4 g6 3. Nc3 Bg7 4. e4 d6 5. f4 0-0 6. Nf3 c5 7. d5 e6 8. Be2 exd5 9. cxd5 a6 10. a4 Re8 11. e5 dxe5 12. fxe5 Ng4 13. Bg5 Qb6 14. Qd2 Nxe5 15. Nxe5 Bxe5 16. 0-0 Nd7 17. a5 Qb4 18. Ra4 Bxc3 19. bxc3 Qxa4 20. d6 Nf8 21. Bf6 Qe4 22. Rf2 Qe3 23. Qb2 Nd7 24. Bh4 Ne5 25. Be7 Nd3 26. Bxd3 Qxd3 27. Re2 Bg4 28. Re1 Rac8 29. Qc1 Rc6 30. Re3 Qd5 31. h3 Bf5 32. Rf3 c4 33. Qh6 Rxd6 34. Bxd6 Qxd6 35. Rxf5 Re1+ 36. Kf2 Qe6 37. Rf3 Qe2+ 38. Kg3 Qe5+ 39. Kf2 Re2+ 40. Kg1 Re1+ 41. Kf2 Qe2+ 42. Kg3 Rg1 43. Re3 Qxg2+ 44. Kf4 Rf1+ 45. Ke5 Qc6 46. Kd4 Rd1+ 47. Ke5 Rd5+ 48. Kf4 g5+ 0-1

[Event "Pedavena op-A 2nd"]
[Site "Pedavena"]
[Date "2006.08.02"]
[Round "3"]
[White "Maietti, Luca"]
[Black "Forato, Enrico"]
[Result "0-1"]
[WhiteElo "1811"]
[BlackElo "1949"]
[PlyCount "104"]
[EventDate "2006.08.01"]
[EventType "swiss"]
[EventRounds "7"]
[EventCountry "ITA"]
[SourceTitle "EXT 2023"]
[Source "ChessBase"]
[SourceDate "2022.10.05"]
[SourceVersion "1"]
[SourceVersionDate "2022.10.05"]
[SourceQuality "1"]

1. d4 Nf6 2. Nf3 g6 3. Bg5 Bg7 4. Nbd2 d6 5. e4 0-0 6. c3 Nbd7 7. Bc4 e5 8. dxe5 dxe5 9. Qe2 c6 10. 0-0 Qc7 11. Rad1 Nc5 12. Bxf6 Bxf6 13. Nb3 Nxb3 14. Bxb3 Qe7 15. Rd2 Be6 16. Bxe6 Qxe6 17. b3 Rfd8 18. Rfd1 Rxd2 19. Rxd2 Rd8 20. Rxd8+ Bxd8 21. Qd3 Bc7 22. Nd2 Qd6 23. Qxd6 Bxd6 24. Kf1 f5 25. f3 Kf7 26. Ke2 Ke6 27. Nf1 h5 28. Ne3 b5 29. Kd3 Bc5 30. h3 Bxe3 31. Kxe3 f4+ 32. Kf2 Kf6 33. h4 g5 34. g3 fxg3+ 35. Kxg3 gxh4+ 36. Kxh4 Kg6 37. b4 a6 38. a3 Kh6 39. Kg3 Kg5 40. Kh3 Kf4 41. Kh4 Kxf3 42. Kxh5 Kxe4 43. Kg5 Kd3 44. Kf5 e4 45. Ke5 e3 46. Kd6 e2 47. Kxc6 e1Q 48. Kb6 Qe6+ 49. Ka5 Qc6 50. a4 bxa4 51. c4 Kxc4 52. b5 Qxb5# 0-1

[Event "Alta Padovana op-A 6th"]
[Site "Loreggia"]
[Date "2006.02.26"]
[Round "5.4"]
[White "Ljubisavljevic, Zivojin Z"]
[Black "Forato, Enrico"]
[Result "1-0"]
[WhiteElo "2310"]
[BlackElo "1951"]
[PlyCount "65"]
[EventDate "2006.02.24"]
[EventType "swiss"]
[EventRounds "5"]
[EventCountry "ITA"]
[SourceTitle "EXT 2024"]
[Source "ChessBase"]
[SourceDate "2023.10.10"]
[SourceVersion "1"]
[SourceVersionDate "2023.10.10"]
[SourceQuality "1"]

1. d4 Nf6 2. Bg5 Ne4 3. Bf4 c5 4. f3 Qa5+ 5. c3 Nf6 6. d5 e6 7. e4 exd5 8. exd5 d6 9. Na3 Be7 10. Nc4 Qc7 11. a4 0-0 12. Ne2 Re8 13. Kf2 Nbd7 14. Ng3 Nb6 15. Ne3 Bf8 16. a5 Nbd7 17. Bb5 a6 18. Ba4 Rd8 19. Bxd7 Bxd7 20. Nc4 b5 21. Nb6 Rab8 22. Bg5 Re8 23. Bxf6 gxf6 24. Qd2 Rxb6 25. axb6 Qxb6 26. Ne4 Bg7 27. Rhe1 Re5 28. f4 c4+ 29. Qe3 Qxe3+ 30. Rxe3 Rxd5 31. Rxa6 Rf5 32. g3 Rd5 33. Ra8+ 1-0

[Event "Campodarsego op-B 17th"]
[Site "Campodarsego"]
[Date "2006.01.22"]
[Round "5"]
[White "Forato, Enrico"]
[Black "Rosina, Graziano"]
[Result "1-0"]
[WhiteElo "1951"]
[BlackElo "1521"]
[PlyCount "53"]
[EventDate "2006.01.20"]
[EventType "swiss"]
[EventRounds "5"]
[EventCountry "ITA"]
[SourceTitle "EXT 2011"]
[Source "ChessBase"]
[SourceDate "2010.11.26"]
[SourceVersion "1"]
[SourceVersionDate "2010.11.26"]
[SourceQuality "1"]

1. e4 e5 2. Nf3 Nf6 3. Nc3 Nc6 4. Bc4 Nxe4 5. Nxe4 d5 6. Bd3 dxe4 7. Bxe4 Qf6 8. Qe2 Bd6 9. d4 h6 10. Bxc6+ bxc6 11. dxe5 Bb4+ 12. c3 Qe7 13. cxb4 Qxb4+ 14. Qd2 Qe4+ 15. Qe3 Qb4+ 16. Bd2 Qxb2 17. 0-0 0-0 18. Rfb1 Qc2 19. Rc1 Qg6 20. Qc3 Bb7 21. Qc5 Rfd8 22. Rab1 Rd5 23. Qc2 Qxc2 24. Rxc2 Rb8 25. a4 Rdd8 26. Rcb2 Kh7 27. Rxb7 1-0

[Event "Treviso U2100 op"]
[Site "Treviso"]
[Date "2005.12.08"]
[Round "4.4"]
[White "Tomio, Dante"]
[Black "Forato, Enrico"]
[Result "1-0"]
[WhiteElo "1831"]
[BlackElo "1951"]
[PlyCount "61"]
[EventDate "2005.12.03"]
[EventType "swiss"]
[EventRounds "5"]
[EventCountry "ITA"]
[SourceTitle "EXT 2024"]
[Source "ChessBase"]
[SourceDate "2023.10.10"]
[SourceVersion "1"]
[SourceVersionDate "2023.10.10"]
[SourceQuality "1"]

1. d4 Nf6 2. Nf3 g6 3. c4 Bg7 4. Nc3 0-0 5. e4 d6 6. Be2 e5 7. 0-0 exd4 8. Nxd4 Re8 9. f3 Nbd7 10. Be3 c6 11. Qd2 Qc7 12. Rad1 Ne5 13. Nb3 Be6 14. Qxd6 Qxd6 15. Rxd6 Bxc4 16. Na5 Bxe2 17. Nxe2 b6 18. Nxc6 Nc4 19. Rd3 Nxb2 20. Rb3 Nc4 21. Bc1 Nd7 22. Rd1 Nde5 23. Nxe5 Nxe5 24. Nf4 Rad8 25. Rxd8 Rxd8 26. Nd5 Nc6 27. Bg5 Rd6 28. Bf4 Be5 29. Bxe5 Nxe5 30. Rc3 Rc6 31. Ne7+ 1-0

[Event "Treviso U2100 op"]
[Site "Treviso"]
[Date "2005.12.04"]
[Round "2.5"]
[White "Pol, Fabio"]
[Black "Forato, Enrico"]
[Result "0-1"]
[WhiteElo "1754"]
[BlackElo "1951"]
[PlyCount "60"]
[EventDate "2005.12.03"]
[EventType "swiss"]
[EventRounds "5"]
[EventCountry "ITA"]
[SourceTitle "EXT 2024"]
[Source "ChessBase"]
[SourceDate "2023.10.10"]
[SourceVersion "1"]
[SourceVersionDate "2023.10.10"]
[SourceQuality "1"]

1. e4 c5 2. Nc3 Nc6 3. Nf3 g6 4. Nd5 e6 5. Ne3 Bg7 6. c3 d5 7. exd5 exd5 8. Qa4 Nge7 9. d4 cxd4 10. Nxd4 0-0 11. Nec2 Nf5 12. Nxc6 Qe8+ 13. Be2 Qxc6 14. Bb5 Qe6+ 15. Kf1 a6 16. Bg5 Qb6 17. Na3 axb5 18. Qxa8 Be6 19. Nc4 dxc4 20. Qa3 Rc8 21. g4 Qc6 22. Rg1 Bf8 23. b4 cxb3 24. Qb2 Bc4+ 25. Ke1 Re8+ 26. Kd1 Qf3+ 27. Kc1 Re2 28. axb3 Rxb2 29. gxf5 Qxc3+ 30. Kd1 Be2# 0-1

[Event "Bratto op 25th"]
[Site "Bratto"]
[Date "2005.08.27"]
[Round "8"]
[White "Mazzariol, Oscar"]
[Black "Forato, Enrico"]
[Result "0-1"]
[WhiteElo "2078"]
[BlackElo "1974"]
[PlyCount "104"]
[EventDate "2005.08.20"]
[EventType "swiss"]
[EventRounds "9"]
[EventCountry "ITA"]
[SourceTitle "CBM 108 Extra"]
[Source "ChessBase"]
[SourceDate "2005.11.04"]
[SourceVersion "1"]
[SourceVersionDate "2005.11.04"]
[SourceQuality "1"]

1. f4 d5 2. Nf3 Nf6 3. b3 g6 4. Bb2 Bg7 5. e3 0-0 6. d3 c5 7. Nbd2 Nc6 8. Ne5 Nxe5 9. Bxe5 Ng4 10. Bxg7 Kxg7 11. Qf3 d4 12. e4 Ne3 13. Rc1 Qa5 14. Be2 Qc3 15. h3 Nxc2+ 16. Kd1 Ne3+ 17. Qxe3 Qxc1+ 18. Kxc1 dxe3 19. Nc4 b5 20. Nxe3 a5 21. Kb2 Bb7 22. g4 a4 23. Rc1 Rfc8 24. g5 Ra7 25. Bg4 e6 26. Bd1 Rd8 27. Be2 axb3 28. axb3 Rda8 29. Rc2 Ra2+ 30. Kc3 b4+ 31. Kd2 Rxc2+ 32. Nxc2 f5 33. gxf6+ Kxf6 34. e5+ Ke7 35. d4 cxd4 36. Nxd4 Bd5 37. Bd1 Ra2+ 38. Bc2 Be4 39. Kc1 Ra1+ 40. Kd2 Bxc2 41. Nxc2 Rh1 42. Nxb4 Rxh3 43. Nc6+ Kd7 44. Nd4 h5 45. b4 h4 46. b5 Rh1 47. Ke2 Rb1 48. Nf3 h3 49. Kf2 Rxb5 50. Nh4 Rb2+ 51. Kg1 Ke8 52. Nxg6 Rg2+ 0-1